00724nam a2200181 i 450000100060000000300090000600500170001500700030003200800410003510000360007624501020011226000590021430000220027374000760029585200320037199900170040395201220042039719ES-MaACL20230906160051.0t|030304s1967 sp ||||1| spa d1 aCampo Jesús, Luis del.93421510aCinco lecciones sobre medicina legal b: frío, calor, hambre, sed, agonía / cLuis del Campo. aPamplona : b[s.n, c1967] (fImp. La Acción Social) a240 p. ; c21 cm.0 a5 lecciones sobre medicina legal: frío, calor, hambre, sed, agonía. aES-MaACLjC-33489 bR.63640 c39719d39719 00104070aATENEOMbATENEOMcDEPO2d2008-01-17eSCl0oC-33489p1041828r2023-02-23 00:00:00w2023-02-23yMONOGRAFIA